Product and systems development : (Record no. 20585)
[ view plain ]
| 000 -LEADER | |
|---|---|
| fixed length control field | 03582cam a2200625Ia 4500 |
| 001 - CONTROL NUMBER | |
| control field | ocn846606535 |
| 003 - CONTROL NUMBER IDENTIFIER | |
| control field | OCoLC |
| 005 - DATE AND TIME OF LATEST TRANSACTION | |
| control field | 20230823095103.0 |
| 006 - FIXED-LENGTH DATA ELEMENTS--ADDITIONAL MATERIAL CHARACTERISTICS--GENERAL INFORMATION | |
| fixed length control field | m o d |
| 007 - PHYSICAL DESCRIPTION FIXED FIELD--GENERAL INFORMATION | |
| fixed length control field | cr cnu|||unuuu |
| 008 - FIXED-LENGTH DATA ELEMENTS--GENERAL INFORMATION | |
| fixed length control field | 130604s2013 nju ob 001 0 eng d |
| 040 ## - CATALOGING SOURCE | |
| Original cataloging agency | DG1 |
| Language of cataloging | eng |
| Description conventions | pn |
| Transcribing agency | DG1 |
| Modifying agency | CUS |
| -- | IDEBK |
| -- | MHW |
| -- | CDX |
| -- | COO |
| -- | OCLCF |
| -- | B24X7 |
| -- | DEBSZ |
| -- | YDXCP |
| -- | MEAUC |
| -- | OCLCQ |
| 019 ## - | |
| -- | 842885111 |
| -- | 857939129 |
| 020 ## - INTERNATIONAL STANDARD BOOK NUMBER | |
| ISBN | 9781118592977 |
| Qualifying information | (electronic bk.) |
| 020 ## - INTERNATIONAL STANDARD BOOK NUMBER | |
| ISBN | 1118592972 |
| Qualifying information | (electronic bk.) |
| 020 ## - INTERNATIONAL STANDARD BOOK NUMBER | |
| ISBN | 1299546900 |
| Qualifying information | (ebk) |
| 020 ## - INTERNATIONAL STANDARD BOOK NUMBER | |
| ISBN | 9781299546905 |
| Qualifying information | (ebk) |
| 020 ## - INTERNATIONAL STANDARD BOOK NUMBER | |
| ISBN | 1118331540 |
| Qualifying information | (cloth) |
| 020 ## - INTERNATIONAL STANDARD BOOK NUMBER | |
| ISBN | 9781118331545 |
| Qualifying information | (cloth) |
| 020 ## - INTERNATIONAL STANDARD BOOK NUMBER | |
| ISBN | 9781118592946 |
| 020 ## - INTERNATIONAL STANDARD BOOK NUMBER | |
| ISBN | 1118592948 |
| 020 ## - INTERNATIONAL STANDARD BOOK NUMBER | |
| Cancelled/invalid ISBN | 9781118331545 |
| 029 1# - (OCLC) | |
| OCLC library identifier | AU@ |
| System control number | 000051629379 |
| 029 1# - (OCLC) | |
| OCLC library identifier | CHBIS |
| System control number | 010441792 |
| 029 1# - (OCLC) | |
| OCLC library identifier | CHVBK |
| System control number | 334087236 |
| 029 1# - (OCLC) | |
| OCLC library identifier | DEBBG |
| System control number | BV041912152 |
| 029 1# - (OCLC) | |
| OCLC library identifier | DEBBG |
| System control number | BV043395979 |
| 029 1# - (OCLC) | |
| OCLC library identifier | DEBSZ |
| System control number | 423114204 |
| 029 1# - (OCLC) | |
| OCLC library identifier | NZ1 |
| System control number | 15142929 |
| 029 1# - (OCLC) | |
| OCLC library identifier | NZ1 |
| System control number | 15341705 |
| 035 ## - SYSTEM CONTROL NUMBER | |
| System control number | (OCoLC)846606535 |
| Canceled/invalid control number | (OCoLC)842885111 |
| -- | (OCoLC)857939129 |
| 037 ## - SOURCE OF ACQUISITION | |
| Stock number | 485940 |
| Source of stock number/acquisition | MIL |
| 050 #4 - LIBRARY OF CONGRESS CALL NUMBER | |
| Classification number | HF5415.153 |
| 082 04 - DEWEY DECIMAL CLASSIFICATION NUMBER | |
| Classification number | 658.5/75 |
| Edition number | 23 |
| 049 ## - LOCAL HOLDINGS (OCLC) | |
| Holding library | MAIN |
| 100 1# - MAIN ENTRY--PERSONAL NAME | |
| Personal name | Weiss, Stanley I. |
| 245 10 - TITLE STATEMENT | |
| Title | Product and systems development : |
| Remainder of title | a value approach / |
| Statement of responsibility, etc | Stanley I. Weiss. |
| 260 ## - PUBLICATION, DISTRIBUTION, ETC. (IMPRINT) | |
| Place of publication, distribution, etc | Hoboken, N.J. : |
| Name of publisher, distributor, etc | John Wiley & Sons, |
| Date of publication, distribution, etc | ©2013. |
| 300 ## - PHYSICAL DESCRIPTION | |
| Extent | 1 online resource (259 pages) |
| 336 ## - | |
| -- | text |
| -- | txt |
| -- | rdacontent |
| 337 ## - | |
| -- | computer |
| -- | c |
| -- | rdamedia |
| 338 ## - | |
| -- | online resource |
| -- | cr |
| -- | rdacarrier |
| 505 0# - FORMATTED CONTENTS NOTE | |
| Formatted contents note | Preview of Best Practices -- Stakeholder Values -- Role of Systems Engineering -- Stakeholder Value Drivers -- Value-Driven Requirements Development -- Functional Analysis -- Interface Definition and Management -- Concept Selection and Trades -- Architectures and "Architecting" -- Failure Modes and Fault Tolerance -- Risk Analysis -- Integration, Verification, and Validation -- Integrated Product and Process Development -- Design for X -- Development Management -- Cost Estimating -- Lean Principles and Practices -- Value Stream Mapping -- Case Studies -- Process Summary and Tools -- Appendix I: Notes on the Design Structure Matrix -- Appendix II: Lean Systems Engineering and Lean Enablers for Systems Engineering -- Appendix III: Introduction to Modeling and Simulation -- Appendix IV: Introduction to Multidisciplinary Analysis and Optimization. |
| 504 ## - BIBLIOGRAPHY, ETC. NOTE | |
| Bibliography, etc | Includes bibliographical references (pages 247-250) and index. |
| 588 0# - | |
| -- | Print version record. |
| 520 ## - SUMMARY, ETC. | |
| Summary, etc | A thorough treatment of product and systems development in terms of value to all stakeholders Product and Systems Development compiles more than twenty years of research and practice from a value perspective, from vision and marketing to design, manufacturing, delivery, operations, and maintenance. It defines stakeholder value and identifies specific stakeholders in the product and system development process; covers best practices in development; and examines systems engineering, current industry views, and the life cycle of a value stream. Featuring appendices written. |
| 526 ## - STUDY PROGRAM INFORMATION NOTE | |
| Department | Marketing |
| 650 #0 - SUBJECT ADDED ENTRY--TOPICAL TERM | |
| Topical term or geographic name as entry element | New products |
| General subdivision | Planning. |
| 650 #4 - SUBJECT ADDED ENTRY--TOPICAL TERM | |
| Topical term or geographic name as entry element | New products |
| General subdivision | Planning. |
| 650 #7 - SUBJECT ADDED ENTRY--TOPICAL TERM | |
| Topical term or geographic name as entry element | New products |
| General subdivision | Planning. |
| Source of heading or term | fast |
| -- | (OCoLC)fst01036910 |
| 655 #4 - INDEX TERM--GENRE/FORM | |
| Genre/form data or focus term | Electronic books. |
| 776 08 - ADDITIONAL PHYSICAL FORM ENTRY | |
| Display text | Print version: |
| Main entry heading | Weiss, Stanley I. |
| Title | Product and systems development : a value approach. |
| Place, publisher, and date of publication | Hoboken, N.J. : John Wiley & Sons Inc., ©2013 |
| International Standard Book Number | 9781118331545 |
| Record control number | (DLC) 2012043884 |
| -- | (OCoLC)818985348 |
| 856 40 - ELECTRONIC LOCATION AND ACCESS | |
| Uniform Resource Identifier | <a href="http://dx.doi.org/10.1002/9781118592977">http://dx.doi.org/10.1002/9781118592977</a> |
| Public note | Wiley Online Library |
| 994 ## - | |
| -- | 92 |
| -- | DG1 |
No items available.